| 000 | 01432nam a2200241Ia 4500 | ||
|---|---|---|---|
| 999 |
_c51967 _d51967 |
||
| 001 | 18968 | ||
| 003 | GE_BSU | ||
| 005 | 20220920160021.0 | ||
| 008 | 181216s2008||||ge |||||||||||||| ||geo|| | ||
| 040 | _cGE_BSU | ||
| 041 | _ageo | ||
| 080 | _a82-09 ა-13 | ||
| 100 |
_aაბაშიძე, რ. _910564 |
||
| 245 |
_aკოტე ხიმშიაშვილის ცხოვრება და შემოქმედება : დისერტაცია / _cრ. აბაშიძე; სამეცნიერო ხელმძღვანელი რ. ჩხეიძე; ბათუმის შოთა რუსთაველის სახელმწიფო უნივერსიტეტი. |
||
| 264 |
_aბათუმი : _bბათუმის შოთა რუსთაველის სახ. უნ-ტი, _c2008. |
||
| 300 |
_a113 გვ. ; _b30 სმ. |
||
| 653 | _aდისერტაცია | ||
| 653 | _aკოტე ხიმშიაშვილის ცხოვრება და შემოქმედება | ||
| 653 | _aლიტმცოდნეობა | ||
| 700 |
_aჩხეიძე, რ. _eსამეცნიერო ხელმძღვანელი _910565 |
||
| 710 |
_aბათუმის შოთა რუსთაველის სახელმწიფო უნივერსიტეტი _910566 |
||
| 942 |
_cBK _2udc |
||